In detail 01 : (Record no. 3532)

MARC details
000 -LEADER
fixed length control field 00898nac a22002771u 4500
003 - CONTROL NUMBER IDENTIFIER
control field EG-ScBUE
005 - DATE AND TIME OF LATEST TRANSACTION
control field 20221207104742.0
008 - FIXED-LENGTH DATA ELEMENTS--GENERAL INFORMATION
fixed length control field 221207s2005 ko a f 000 0 eng d
020 ## - INTERNATIONAL STANDARD BOOK NUMBER
International Standard Book Number 8957700846
020 ## - INTERNATIONAL STANDARD BOOK NUMBER
International Standard Book Number 8957700838
040 ## - CATALOGING SOURCE
Original cataloging agency EG-ScBUE
Language of cataloging eng
Description conventions rda
Transcribing agency EG-ScBUE
Modifying agency EG-ScBUE
041 0# - LANGUAGE CODE
Language code of text/sound track or separate title eng
-- kor
082 04 - DEWEY DECIMAL CLASSIFICATION NUMBER
Classification number 725.095195
Edition number 22
Item number IND
245 ## - TITLE STATEMENT
Title In detail 01 :
Remainder of title interior design detail, commerce hospital.
264 #1 - PUBLICATION, DISTRIBUTION, ETC. (IMPRINT)
Place of publication, distribution, etc Seoul, South Korea :
Name of publisher, distributor, etc Archiworld,
Date of publication, distribution, etc 2005.
300 ## - PHYSICAL DESCRIPTION
Extent 175 pages :
Other physical details color illustrations ;
Dimensions 30 cm
336 ## - CONTENT TYPE
Source rdacontent
Content type term text
Content type code txt
337 ## - MEDIA TYPE
Source rdamedia
Media type term unmediated
Media type code n
338 ## - CARRIER TYPE
Source rdacarrier
Carrier type term volume
Carrier type code nc
546 ## - LANGUAGE NOTE
Language note Text in Korean and English.
650 #7 - SUBJECT ADDED ENTRY--TOPICAL TERM
Topical term or geographic name as entry element Commercial buildings
General subdivision designs and construction
Geographic subdivision Korea.
Source of heading or term BUEsh
650 #7 - SUBJECT ADDED ENTRY--TOPICAL TERM
Topical term or geographic name as entry element Hospitals
General subdivision designs and construction
Geographic subdivision Korea.
Source of heading or term BUEsh
653 ## - INDEX TERM--UNCONTROLLED
Resource For college Engineering, Architecture
655 ## - INDEX TERM--GENRE/FORM
Form subdivision Reading book
942 ## - ADDED ENTRY ELEMENTS (KOHA)
Koha item type Book - Borrowing
Source of classification or shelving scheme Dewey Decimal Classification
Holdings
Withdrawn status Lost status Materials specified (bound volume or other part) Damaged status Not for loan Home library Current library Shelving location Date acquired Source of acquisition Total Checkouts Full call number Barcode Date last seen Price effective from Koha item type Source of classification or shelving scheme Total Renewals Checked out Date checked out
  Lost Lost In Inventory_2015-8-23     Central Library Central Library Second Floor 30/04/2007 Purchase   725.095195 IND 000001039 01/07/2011 26/04/2007 Book - Borrowing        
          Central Library Central Library Second Floor 30/04/2007 Purchase 5 725.095195 IND 000030461 15/02/2026   Book - Borrowing Dewey Decimal Classification 5 17/03/2026 15/02/2026